Language and creativity : The art of common talk

Gorde:
Xehetasun bibliografikoak
Egile nagusia: Carter, Ronald
Formatua: Liburua
Hizkuntza:Undetermined
Argitaratua: New York Routledge 2004
Gaiak:
Etiketak: Etiketa erantsi
Etiketarik gabe, Izan zaitez lehena erregistro honi etiketa jartzen!
Thư viện lưu trữ: Trung tâm Học liệu Trường Đại học Cần Thơ
LEADER 00522nam a2200193Ia 4500
001 CTU_117708
008 210402s9999 xx 000 0 und d
082 |a 401.41 
082 |b C323 
100 |a Carter, Ronald 
245 0 |a Language and creativity : 
245 4 |b The art of common talk 
245 0 |c Ronald Carter 
260 |a New York 
260 |b Routledge 
260 |c 2004 
650 |a Creativity (linguistics),Sociolinguistics 
904 |i Truc 
980 |a Trung tâm Học liệu Trường Đại học Cần Thơ